| 000 | 00947nam a2200229 u 4500 | ||
|---|---|---|---|
| 001 | 000557686 | ||
| 003 | AM-YeHGA | ||
| 005 | 20250618073209.0 | ||
| 008 | 071116s1911 ru r 000 0 arm d | ||
| 040 | _aAM-YeHGA | ||
| 041 | 0 | _aarm | |
| 100 | 1 |
_aՏեր-Մինասյան, Երվանդ Գալուստի, _d1879-1974 _92833 |
|
| 245 | 1 | 0 |
_aԿարապետ եպիսկոպոս Տէր-Մկրտչեան : _bԿեանքն ու գործունէութիւնը : Կաթողիկոսական ընտրութիւնների առթիւ / _cԵրուանդ Տէր-Մինասեանց. |
| 260 |
_aՄոսկուա : _bԲժ. Ս. Շահ-Նազարեանցի, _c1911. |
||
| 300 | _a101 էջ | ||
| 440 | 0 |
_aԲժ. Ս. Շահ-Նազարեանցի _v№ 5 |
|
| 600 | 1 | 4 |
_aՏէր-Մկրտչեան, Կարապետ, _cԵպիսկոպոս |
| 650 | 1 | 4 | _aՀայոց եկեղեցի |
| 653 | 0 | _aՀայ եկեղեցու գործիչներ | |
| 942 |
_2udc _cBK |
||
| 090 | _c217891 | ||
| 999 |
_c216368 _d216368 |
||